[Event "Chicago op 26th"]
[Site "Chicago"]
[Date "2017.05.27"]
[Round "4"]
[White "Wongso, Steve"]
[Black "Ishkanov, Tigran"]
[Result "0-1"]
[WhiteElo "1636"]
[BlackElo "2271"]
[PlyCount "62"]
[EventDate "2017.05.25"]
[EventType "swiss"]
[EventRounds "9"]
[EventCountry "USA"]
[SourceTitle "CBM 178 Extra"]
[Source "ChessBase"]
[SourceDate "2017.06.22"]
[SourceVersion "1"]
[SourceVersionDate "2017.06.22"]
[SourceQuality "1"]

1. e4 c5 2. Nf3 e6 3. d4 cxd4 4. Nxd4 Nc6 5. Nc3 Qc7 6. g3 a6 7. a4 Nf6 8. Bg2 Nxd4 9. Qxd4 Bc5 10. Bf4 d6 11. Qd2 Ng4 12. 0-0 0-0 13. h3 Ne5 14. Qe2 Bd7 15. Rad1 h6 16. Bc1 Rab8 17. Kh2 b5 18. f4 b4 19. Nb1 Nc6 20. Qxa6 Ra8 21. Qc4 Rxa4 22. c3 Na7 23. Qb3 Ra1 24. Qc2 b3 25. Qd3 Bb5 26. c4 Bxc4 27. Qc3 Bxf1 28. Bxf1 Rxb1 29. Qxb3 Rxc1 30. Rxc1 Bg1+ 31. Kxg1 Qxc1 0-1

[Event "Dallas UT Fall op"]
[Site "Dallas"]
[Date "2016.11.18"]
[Round "1"]
[White "Ishkanov, Tigran"]
[Black "Liang, Awonder"]
[Result "1-0"]
[WhiteElo "2273"]
[BlackElo "2508"]
[PlyCount "93"]
[EventDate "2016.11.18"]
[EventType "swiss"]
[EventRounds "9"]
[EventCountry "USA"]
[SourceTitle "CBM 175 Extra"]
[Source "ChessBase"]
[SourceDate "2016.12.12"]
[SourceVersion "1"]
[SourceVersionDate "2016.12.12"]
[SourceQuality "1"]

1. e4 e5 2. Bc4 Nc6 3. d3 Nf6 4. Nc3 Na5 5. Nge2 Be7 6. h3 c6 7. f4 exf4 8. Bxf4 0-0 9. Bb3 d5 10. exd5 Nxb3 11. axb3 Nxd5 12. Nxd5 Qxd5 13. 0-0 Bf6 14. Qd2 Qh5 15. Ra5 c5 16. Ng3 Qg6 17. Ne4 Bd4+ 18. Kh2 b6 19. Ra2 Bb7 20. c3 Bf6 21. Nxf6+ Qxf6 22. Raa1 Qg6 23. Rfe1 a5 24. Re3 Kh8 25. Rae1 f6 26. Re7 Bd5 27. Bc7 b5 28. c4 bxc4 29. dxc4 Bc6 30. Qf2 Rf7 31. Rxf7 Qxf7 32. Bd6 Qg6 33. Re3 Rd8 34. Rg3 Qe4 35. Qxc5 Rg8 36. Bf8 Qe8 37. Be7 f5 38. Bd6 Be4 39. Qd4 h6 40. Be5 Qe7 41. Rg6 Kh7 42. Qd6 Qf7 43. Re6 Qh5 44. Qd2 Qf7 45. Rd6 Qb7 46. Bxg7 Qxg7 47. Rd7 1-0

[Event "Dallas UT Fall op"]
[Site "Dallas"]
[Date "2015.11.25"]
[Round "9"]
[White "Ishkanov, Tigran"]
[Black "Kiewra, Keaton F"]
[Result "1/2-1/2"]
[WhiteElo "2272"]
[BlackElo "2445"]
[PlyCount "108"]
[EventDate "2015.11.20"]
[EventType "swiss"]
[EventRounds "9"]
[EventCountry "USA"]
[SourceTitle "CBM 169 Extra"]
[Source "ChessBase"]
[SourceDate "2015.12.18"]
[SourceVersion "1"]
[SourceVersionDate "2015.12.18"]
[SourceQuality "1"]

1. d4 d5 2. Bf4 Nf6 3. e3 c5 4. dxc5 e6 5. b4 b6 6. cxb6 Qxb6 7. a3 a5 8. b5 a4 9. Nf3 Nbd7 10. Ne5 Ne4 11. Nd2 Qa5 12. c3 Qxc3 13. Rc1 Qxd2+ 14. Qxd2 Nxd2 15. Kxd2 Bxa3 16. Rc6 Bb2 17. Nd3 Bf6 18. Bd6 Be7 19. Bxe7 Kxe7 20. Nb4 Ne5 21. Rc2 Bd7 22. f4 Ng4 23. Be2 Nf2 24. Ra1 Ne4+ 25. Kc1 Kd6 26. Na6 Rhc8 27. Ra3 Nc5 28. Rac3 Nxa6 29. bxa6 Rxc3 30. Rxc3 Rc8 31. Rxc8 Bxc8 32. Kb2 Kc5 33. Ka3 Kb6 34. a7 Kxa7 35. Kxa4 Kb6 36. Kb4 Kc6 37. Kc3 Kc5 38. Bd3 h6 39. g3 Bd7 40. Be2 Bb5 41. Bh5 f6 42. Bg4 Kd6 43. Kd4 Bf1 44. Bf3 Bh3 45. Bh5 Bg2 46. Bf7 Bf3 47. Bg6 e5+ 48. Kc3 Ke6 49. Kd3 Kd6 50. Kc3 Be4 51. Bxe4 dxe4 52. f5 Kc5 53. g4 Kb5 54. Kb3 Kc5 1/2-1/2

[Event "Chicago op 23rd"]
[Site "Wheeling"]
[Date "2014.05.23"]
[Round "2"]
[White "Ishkanov, Tigran"]
[Black "Molner, Mackenzie"]
[Result "0-1"]
[WhiteElo "2298"]
[BlackElo "2522"]
[PlyCount "82"]
[EventDate "2014.05.22"]
[EventType "swiss"]
[EventRounds "9"]
[EventCountry "USA"]
[SourceTitle "CBM 160 Extra"]
[Source "ChessBase"]
[SourceDate "2014.07.01"]
[SourceVersion "1"]
[SourceVersionDate "2014.07.01"]
[SourceQuality "1"]

1. d4 Nf6 2. c4 e6 3. g3 c5 4. Nf3 cxd4 5. Nxd4 d5 6. Bg2 e5 7. Nf3 d4 8. e3 Nc6 9. exd4 exd4 10. 0-0 Be7 11. b3 0-0 12. Ba3 Bxa3 13. Nxa3 Qb6 14. Nc2 Rd8 15. Qd3 Qc5 16. Nh4 Ng4 17. Rfe1 Nge5 18. Qd2 Be6 19. Kh1 Rd6 20. Rad1 Rad8 21. h3 Ng6 22. Nxg6 hxg6 23. f4 a5 24. a4 b6 25. g4 d3 26. Ne3 Nb4 27. Rf1 f5 28. gxf5 gxf5 29. Rde1 Bf7 30. Nd1 Re8 31. Nc3 Rde6 32. Rxe6 Rxe6 33. Re1 Rxe1+ 34. Qxe1 Qd4 35. Qe5 Qxe5 36. fxe5 Bh5 37. Nb1 Kf7 38. Kg1 Ke6 39. Kf2 Kxe5 40. Ke3 Bd1 41. Nd2 f4+ 0-1

[Event "Los Angeles Metropolitan 22nd"]
[Site "Los Angeles"]
[Date "2012.08.18"]
[Round "8"]
[White "He, Tommy O"]
[Black "Ishkanov, Tigran"]
[Result "1-0"]
[WhiteElo "1982"]
[BlackElo "2324"]
[PlyCount "173"]
[EventDate "2012.08.14"]
[EventType "swiss"]
[EventRounds "9"]
[EventCountry "USA"]
[SourceTitle "CBM 150 Extra"]
[Source "ChessBase"]
[SourceDate "2012.10.19"]
[SourceVersion "1"]
[SourceVersionDate "2012.10.19"]
[SourceQuality "1"]

1. e4 e6 2. d4 d5 3. Nd2 Be7 4. Ngf3 Nf6 5. Bd3 c5 6. exd5 Nxd5 7. dxc5 Nd7 8. Ne4 Nxc5 9. Nxc5 Qa5+ 10. c3 Qxc5 11. 0-0 0-0 12. c4 Nb4 13. Be2 Qc7 14. a3 Nc6 15. b4 e5 16. Bb2 e4 17. Nd2 f5 18. c5 Be6 19. Bc4 Bxc4 20. Nxc4 Rad8 21. Qb3 Rd3 22. Qa2 Kh8 23. Ne3 Qd7 24. Rad1 f4 25. Rxd3 Qxd3 26. Rd1 fxe3 27. Rxd3 exd3 28. fxe3 d2 29. Bxg7+ Kxg7 30. Qxd2 Rd8 31. Qc2 Bg5 32. Qc3+ Bf6 33. Qc2 a6 34. Kf2 Re8 35. Qc4 Ne5 36. Qd5 Re7 37. h3 h6 38. a4 Bh4+ 39. Ke2 Bg5 40. b5 axb5 41. axb5 Ng6 42. Qd4+ Bf6 43. Qd6 Be5 44. Qd5 Bf4 45. Qd4+ Kf7 46. e4 Be5 47. Qc4+ Kf6 48. c6 Nf4+ 49. Kf3 Ne6 50. Kf2 Rc7 51. Qc1 Ng5 52. h4 Nf7 53. g4 Kg7 54. Kg2 Rc8 55. Qc4 bxc6 56. Qe6 Rd8 57. bxc6 Rd2+ 58. Kf3 Rd3+ 59. Ke2 Rd6 60. Qc4 Rd4 61. Qc2 Rd8 62. Qc5 Kf6 63. g5+ hxg5 64. hxg5+ Nxg5 65. c7 Bxc7 66. Qf5+ Ke7 67. Qxg5+ Kd7 68. Qf5+ Ke7 69. Qh7+ Kd6 70. e5+ Kc6 71. e6 Bd6 72. Ke3 Bc5+ 73. Ke4 Rd1 74. Qh3 Kd6 75. Kf5 Rd4 76. Qg3+ Kc6 77. Qf3+ Kb6 78. Qa8 Rd1 79. Qg2 Re1 80. Kf6 Re3 81. Kf7 Re1 82. Qd5 Rf1+ 83. Ke8 Re1 84. Kd7 Kb5 85. Qd3+ Kb6 86. Qb3+ Ka6 87. Kc6 1-0

[Event "Los Angeles Metropolitan 22nd"]
[Site "Los Angeles"]
[Date "2012.08.16"]
[Round "5"]
[White "Ishkanov, Tigran"]
[Black "Matikozian, Andranik"]
[Result "1/2-1/2"]
[WhiteElo "2324"]
[BlackElo "2400"]
[PlyCount "52"]
[EventDate "2012.08.14"]
[EventType "swiss"]
[EventRounds "9"]
[EventCountry "USA"]
[SourceTitle "CBM 150 Extra"]
[Source "ChessBase"]
[SourceDate "2012.10.19"]
[SourceVersion "1"]
[SourceVersionDate "2012.10.19"]
[SourceQuality "1"]

1. Nf3 Nf6 2. c4 g6 3. b4 Bg7 4. Bb2 d6 5. g3 0-0 6. Bg2 e5 7. d3 a5 8. b5 e4 9. dxe4 Nxe4 10. Bxg7 Kxg7 11. Qd4+ Qf6 12. Qxf6+ Nxf6 13. Nc3 Nbd7 14. Nd4 a4 15. 0-0 Nc5 16. Rfd1 Re8 17. b6 c6 18. Nxc6 bxc6 19. Bxc6 Bb7 20. Bxe8 Rxe8 21. Rxd6 Nfe4 22. Nxe4 Rxe4 23. Rc1 Rxe2 24. Rd5 Bxd5 25. cxd5 Na6 26. d6 Rd2 1/2-1/2

[Event "Los Angeles Metropolitan 22nd"]
[Site "Los Angeles"]
[Date "2012.08.14"]
[Round "1"]
[White "Ondangan, Ruben"]
[Black "Ishkanov, Tigran"]
[Result "0-1"]
[WhiteElo "2100"]
[BlackElo "2324"]
[PlyCount "60"]
[EventDate "2012.08.14"]
[EventType "swiss"]
[EventRounds "9"]
[EventCountry "USA"]
[SourceTitle "CBM 150 Extra"]
[Source "ChessBase"]
[SourceDate "2012.10.19"]
[SourceVersion "1"]
[SourceVersionDate "2012.10.19"]
[SourceQuality "1"]

1. e4 e6 2. Nf3 d5 3. Nc3 Nf6 4. e5 Nfd7 5. d4 Be7 6. Be2 c5 7. dxc5 Nc6 8. Bf4 a6 9. Qd2 Nxc5 10. 0-0-0 b5 11. Nd4 Nxd4 12. Qxd4 b4 13. Nb1 Ne4 14. Bg3 Bd7 15. Bf3 Bc5 16. Qd3 Nxf2 17. Bxf2 Bxf2 18. Nd2 Bb5 19. Qb3 Qe7 20. Kb1 0-0 21. h4 Rac8 22. Bg4 a5 23. Qf3 Bb6 24. Qf4 Rc6 25. Rde1 Rfc8 26. Bd1 Bd3 27. Rh3 Bxc2+ 28. Bxc2 Rxc2 29. Rg3 Qc5 30. Ne4 Rxb2+ 0-1

[Event "Berkeley Masters op"]
[Site "Berkeley"]
[Date "2005.12.22"]
[Round "8"]
[White "Pruess, David"]
[Black "Ishkanov, Tigran"]
[Result "0-1"]
[WhiteElo "2400"]
[BlackElo "2350"]
[PlyCount "56"]
[EventDate "2005.12.17"]
[EventType "swiss"]
[EventRounds "9"]
[EventCountry "USA"]
[SourceTitle "CBM 109 Extra"]
[Source "ChessBase"]
[SourceDate "2006.01.03"]
[SourceVersion "2"]
[SourceVersionDate "2006.01.03"]
[SourceQuality "1"]

1. c4 Nf6 2. Nc3 e6 3. e4 d5 4. e5 d4 5. exf6 dxc3 6. bxc3 Qxf6 7. Nf3 e5 8. Qe2 Nc6 9. d4 Bg4 10. d5 Bxf3 11. gxf3 Ne7 12. Rb1 b6 13. Qc2 0-0-0 14. Be3 Kb8 15. Rg1 h6 16. Bd3 g6 17. f4 Bg7 18. a4 Rhe8 19. Kf1 exf4 20. Bd4 Qh4 21. Be4 Bxd4 22. cxd4 f3 23. Rg3 Qxh2 24. Rb3 Qh1+ 25. Rg1 Qh3+ 26. Ke1 Nf5 27. Qd3 Qh4 28. Kd2 Qxf2+ 0-1

[Event "Berkeley Masters op"]
[Site "Berkeley"]
[Date "2005.12.19"]
[Round "5"]
[White "Ishkanov, Tigran"]
[Black "Shivaji, Shivkuma"]
[Result "1/2-1/2"]
[WhiteElo "2350"]
[BlackElo "2299"]
[PlyCount "42"]
[EventDate "2005.12.17"]
[EventType "swiss"]
[EventRounds "9"]
[EventCountry "USA"]
[SourceTitle "CBM 109 Extra"]
[Source "ChessBase"]
[SourceDate "2006.01.03"]
[SourceVersion "2"]
[SourceVersionDate "2006.01.03"]
[SourceQuality "1"]

1. d4 Nf6 2. c4 e6 3. Nc3 Bb4 4. Qc2 0-0 5. a3 Bxc3+ 6. Qxc3 b6 7. Bg5 Bb7 8. f3 h6 9. Bh4 d5 10. e3 Nbd7 11. cxd5 Nxd5 12. Bxd8 Nxc3 13. Bh4 Nd5 14. Bf2 c5 15. e4 Ne7 16. Bb5 Bc6 17. Bxc6 Nxc6 18. Ne2 cxd4 19. Nxd4 Nxd4 20. Bxd4 e5 21. Bc3 f6 1/2-1/2

[Event "Berkeley Masters op"]
[Site "Berkeley"]
[Date "2005.12.17"]
[Round "1"]
[White "Ishkanov, Tigran"]
[Black "Kraai, Jesse"]
[Result "1/2-1/2"]
[WhiteElo "2350"]
[BlackElo "2428"]
[PlyCount "52"]
[EventDate "2005.12.17"]
[EventType "swiss"]
[EventRounds "9"]
[EventCountry "USA"]
[SourceTitle "CBM 109 Extra"]
[Source "ChessBase"]
[SourceDate "2006.01.03"]
[SourceVersion "2"]
[SourceVersionDate "2006.01.03"]
[SourceQuality "1"]

1. e4 e6 2. d4 d5 3. Nc3 Nf6 4. e5 Nfd7 5. Nce2 c5 6. f4 f6 7. Nf3 fxe5 8. fxe5 cxd4 9. Nexd4 Nxe5 10. Bb5+ Nec6 11. Qe2 a6 12. Nxe6 Bxe6 13. Qxe6+ Qe7 14. Qxe7+ Bxe7 15. Ba4 Nd7 16. Be3 Bc5 17. Bxc5 Nxc5 18. Bb3 0-0-0 19. 0-0-0 d4 20. Ng5 Rhe8 21. Nxh7 d3 22. cxd3 Re2 23. Kb1 Nxd3 24. Rxd3 Rxd3 25. Bc4 Ne5 26. Bxd3 Nxd3 1/2-1/2